01666nam a2200241Ia 450000500170000000800410001704000440005804100080010208200160011010000220012624500900014825000220023826000610026030000360032150003030035750003960066050000480105650501960110450600210130065000300132165000370135165000360138820160902083410.0130821s1910 pn fr 1 spa d aCo-BoUCMbspacSandra YazodSandra Yazo0 aspa04a348.0232201 aValenzuela, Mario10aCompendio del código civil en armonía con la concienciacpor el P. Mario Valencia aTercera edición aPanamá (Panamá, Suramérica)bTip. "El Istmo"c1910 aviii, 184 páginasc22 x 14 cm aDetalles físicos 3a Ed.: Encuadernación rígida en cartón sobre tela, tapas con adornos repujados, lomo con nervaduras repujadas sobre costura y adornos en dorado. Guardas decoradas. Hoja de cortesía. Portada impresa en una sola tinta. Texto impreso en una sola columna, papel muy manchado aDetalles físicos Ej.1: Encuadernación rígida en cartón forrado en papel. Lomo en cuero, con nervaduras y adornos en dorado. Guardas. Portada impresa en una sola tinta con una firma. Papel con algunas manchas. Tapas con residuos de cinta pegante. Perteneció a la biblioteca de Rafael María Carrasquilla. Datos de publicación: Bucaramanga. Tipografía de la Luz Católica, 1898 aDatos de publicación tomados de la 3a Ed.0 aLa ley -- La justicia -- Dominio: Definición y división -- Fuentes del dominio ; Propiedad limitada - Contratos y actos análogos -- Violación del derecho -- Matrimonio -- Notas varias aConsulta en sala 7aDerecho civilvCompendios 7aJurisprudencia civilvCompendios 7aProcedimiento civilvCompendios